Effect of using cassava leaves meal growth rate of hybrid at animal experimental station at royal university of agriculture, ឥទ្ធិពលនៃការប្រើប្រាស់ម្សៅស្លឹកដំឡូងមីលើការលូតលាស់របស់កូនកាត់ នៅស្ថានីួ៍ពិសោធន៍សត្វ នៃសាកលវិទ្យាល័យភូមិន្ធកសិកម្ម. (Record no. 2622)

000 -LEADER
fixed length control field 00830nam a22001577a 4500
003 - CONTROL NUMBER IDENTIFIER
control field OSt
005 - DATE AND TIME OF LATEST TRANSACTION
control field 20151024145154.0
008 - FIXED-LENGTH DATA ELEMENTS--GENERAL INFORMATION
fixed length control field 151024b xxu||||| |||| 00| 0 eng d
040 ## - CATALOGING SOURCE
Transcribing agency RUA
082 ## - DEWEY DECIMAL CLASSIFICATION NUMBER
Classification number AVM DOU 2013 B105 Or.1
100 ## - MAIN ENTRY--PERSONAL NAME
9 (RLIN) 2801
Personal name DOUNG, SENGHONG.
245 ## - TITLE STATEMENT
Title Effect of using cassava leaves meal growth rate of hybrid at animal experimental station at royal university of agriculture, ឥទ្ធិពលនៃការប្រើប្រាស់ម្សៅស្លឹកដំឡូងមីលើការលូតលាស់របស់កូនកាត់ នៅស្ថានីួ៍ពិសោធន៍សត្វ នៃសាកលវិទ្យាល័យភូមិន្ធកសិកម្ម.
260 ## - PUBLICATION, DISTRIBUTION, ETC. (IMPRINT)
Place of publication, distribution, etc. phnom phen
Name of publisher, distributor, etc. ROA
Date of publication, distribution, etc. 2013
300 ## - PHYSICAL DESCRIPTION
Extent IVX,39p.
Other physical details ill.
Dimensions 29cm.
942 ## - ADDED ENTRY ELEMENTS (KOHA)
Source of classification or shelving scheme
Koha item type AVM
Holdings
Price effective from Date last seen Permanent Location Not for loan Date acquired Source of classification or shelving scheme Koha item type Lost status Withdrawn status Date last checked out Total Checkouts Shelving location Damaged status Barcode Current Location Full call number
2015-10-242019-01-29Library Block B 2015-10-24 AVM  2019-01-021B105 RUA009946Library Block BAVM DOU 2013 B105 Or.1
2015-10-242015-10-24Library Block B 2015-10-24 AVM    B105 RUA016083Library Block BAVM DOU 2013 B105 Or.2
2015-10-242015-10-24Library Block B 2015-10-24 AVM    B105 RUA016420Library Block BAVM DOU 2013 B105 Or.3
2015-10-242015-10-24Library Block B 2015-10-24 AVM    B105 RUA016491Library Block BAVM DOU 2013 B105 Or.4
2015-10-242019-02-26Library Block B 2015-10-24 AVM  2019-01-291B105 RUA015939Library Block BAVM DOU 2013 B105 Or.5
2015-10-242015-10-24Library Block B 2015-10-24 AVM    B105 RUA016069Library Block BAVM DOU 2013 B105 Or.6
2015-10-242015-10-24Library Block B 2015-10-24 AVM    B105 RUA016213Library Block BAVM DOU 2013 B105 Or.7
មជ្ឈមណ្ឌលឯការនៃសាកលវិទ្យាល័យភូមិន្ទកសិកម្មចំការដូង

Powered by Koha